[Event "Sant Boi Lorente Memorial 10th"]
[Site "Sant Boi de Llobregat"]
[Date "2019.06.16"]
[Round "2"]
[White "Lazaro Riol, Alberto"]
[Black "Moskalenko, Viktor"]
[Result "0-1"]
[WhiteElo "2101"]
[BlackElo "2500"]
[PlyCount "86"]
[EventDate "2019.06.16"]
[EventType "swiss (rapid)"]
[EventRounds "9"]
[EventCountry "ESP"]
[SourceTitle "EXT 2020"]
[Source "ChessBase"]
[SourceDate "2019.10.17"]
[SourceVersion "1"]
[SourceVersionDate "2019.10.17"]
[SourceQuality "1"]

1. e4 d6 2. d4 Nf6 3. Nc3 g6 4. f4 Bg7 5. Nf3 Nc6 6. Be2 0-0 7. 0-0 Bg4 8. h3 Bxf3 9. Bxf3 e5 10. dxe5 dxe5 11. Qxd8 Raxd8 12. Nd5 Nxd5 13. exd5 Nd4 14. c4 Rfe8 15. fxe5 Bxe5 16. Rb1 Kg7 17. Bg5 f6 18. Bd2 Nf5 19. Rfe1 h5 20. Bc3 Bxc3 21. bxc3 b6 22. g4 hxg4 23. hxg4 Nd6 24. c5 bxc5 25. Kf2 Re5 26. Rxe5 fxe5 27. Ke3 Rh8 28. Rh1 Rxh1 29. Bxh1 Kf6 30. Bf3 Kg5 31. a4 a5 32. Be2 Kh4 33. Bd3 g5 34. Bf5 Kg3 35. Be6 Kg2 36. Bf5 Kf1 37. Bd3+ Ke1 38. Bf5 Kd1 39. Kd3 Kc1 40. Be6 Kb2 41. Bf5 Kb3 42. Bd7 c4+ 43. Kd2 Ne4+ 0-1

[Event "Cornella Pinol Memorial 6th"]
[Site "Cornella de Llobregat"]
[Date "2018.11.12"]
[Round "8"]
[White "Vidarte Morales, Arturo"]
[Black "Lazaro Riol, Alberto"]
[Result "1-0"]
[WhiteElo "2352"]
[BlackElo "2063"]
[PlyCount "125"]
[EventDate "2018.09.24"]
[EventType "swiss"]
[EventRounds "9"]
[EventCountry "ESP"]
[SourceTitle "CBM 187 Extra"]
[Source "ChessBase"]
[SourceDate "2018.11.04"]
[SourceVersion "1"]
[SourceVersionDate "2018.11.04"]
[SourceQuality "1"]

1. c4 c5 2. Nf3 Nc6 3. Nc3 g6 4. e3 Nf6 5. d4 cxd4 6. exd4 d5 7. Be2 Bg7 8. 0-0 0-0 9. Re1 Bf5 10. Bg5 Ne4 11. Bh4 Be6 12. Nxd5 Bxd5 13. cxd5 Qxd5 14. Rc1 Nd6 15. Rc5 Qxa2 16. d5 Nb4 17. Bxe7 Rfd8 18. Bxd8 Rxd8 19. Qa1 Qxa1 20. Rxa1 b6 21. Rc7 Nxd5 22. Rcxa7 Bxb2 23. Ra8 Rxa8 24. Rxa8+ Kg7 25. Rd8 Ba3 26. Kf1 Nf4 27. Ne5 Bc5 28. Nd7 Nxe2 29. Kxe2 Nf5 30. Kf1 Nd4 31. Rc8 Ne6 32. Rb8 h5 33. h3 Nf4 34. Nxb6 g5 35. Nd7 Bd4 36. Rb4 Bc3 37. Rb3 Bd4 38. Nb6 Kg6 39. Nc4 h4 40. Ra3 f6 41. Nd2 f5 42. Nf3 Bf6 43. Ra6 Kf7 44. Ra4 Ne6 45. Ra5 Ng7 46. Ne5+ Ke6 47. Nc4 Kf7 48. Ra7+ Kg6 49. Ra6 Kf7 50. Rc6 Ne6 51. Nd6+ Kg6 52. Ne8 Kf7 53. Nxf6 Kxf6 54. Ra6 Ke5 55. g3 Nd4 56. Kg2 f4 57. Ra5+ Kf6 58. g4 f3+ 59. Kf1 Kg6 60. Rd5 Ne2 61. Rd3 Kf6 62. Rxf3+ Nf4 63. Rxf4+ 1-0

[Event "Cornella Pinol Memorial 6th"]
[Site "Cornella de Llobregat"]
[Date "2018.10.29"]
[Round "6"]
[White "Lazaro Riol, Alberto"]
[Black "Obon Temprano, Sergi"]
[Result "1/2-1/2"]
[WhiteElo "2063"]
[BlackElo "2306"]
[PlyCount "71"]
[EventDate "2018.09.24"]
[EventType "swiss"]
[EventRounds "9"]
[EventCountry "ESP"]
[SourceTitle "CBM 187 Extra"]
[Source "ChessBase"]
[SourceDate "2018.11.04"]
[SourceVersion "1"]
[SourceVersionDate "2018.11.04"]
[SourceQuality "1"]

1. e4 e5 2. Nf3 Nc6 3. Bb5 a6 4. Ba4 Nf6 5. 0-0 Be7 6. Re1 b5 7. Bb3 d6 8. c3 0-0 9. h3 Nb8 10. d4 Nbd7 11. Nbd2 Bb7 12. Bc2 c5 13. Nf1 Qc7 14. d5 c4 15. Ng3 Rfb8 16. Nf5 Bf8 17. Nh2 Nc5 18. Ng4 Nxg4 19. hxg4 Bc8 20. Re3 f6 21. Rh3 Bxf5 22. gxf5 Rb7 23. Qh5 h6 24. Qg4 Kf7 25. Qg6+ Ke7 26. f4 Nd7 27. Qh7 Re8 28. fxe5 Nxe5 29. Bxh6 Ng4 30. Be3 Nxe3 31. Rxe3 Qc5 32. Rae1 Kd8 33. a3 Rbe7 34. Qh4 Re5 35. Qg3 Kc8 36. Kf1 1/2-1/2

[Event "Cornella Pinol Memorial 6th"]
[Site "Cornella de Llobregat"]
[Date "2018.10.22"]
[Round "5"]
[White "Garcia Riera, Josep"]
[Black "Lazaro Riol, Alberto"]
[Result "0-1"]
[WhiteElo "1898"]
[BlackElo "2063"]
[PlyCount "132"]
[EventDate "2018.09.24"]
[EventType "swiss"]
[EventRounds "9"]
[EventCountry "ESP"]
[SourceTitle "CBM 187 Extra"]
[Source "ChessBase"]
[SourceDate "2018.11.04"]
[SourceVersion "1"]
[SourceVersionDate "2018.11.04"]
[SourceQuality "1"]

1. d4 Nf6 2. c4 e5 3. dxe5 Ne4 4. Nf3 Nc6 5. a3 d6 6. Qd5 Nc5 7. Bg5 Qd7 8. Nc3 Qg4 9. h3 Qh5 10. Nb5 Ne6 11. exd6 Bxd6 12. Nxd6+ cxd6 13. 0-0-0 0-0 14. Bd2 Qg6 15. Bc3 Nc5 16. e4 Be6 17. Qg5 Nxe4 18. Qxg6 hxg6 19. Rg1 Nxc3 20. bxc3 Ne5 21. Nd4 Bxc4 22. Bxc4 Nxc4 23. Nb5 Rfc8 24. Nxd6 Nxd6 25. Rxd6 Rxc3+ 26. Kb2 Rac8 27. Rd2 R3c6 28. Re1 Rb6+ 29. Ka2 Rc7 30. Re4 f6 31. h4 Kf7 32. g3 Re7 33. Ra4 a6 34. Rad4 Rbe6 35. Kb3 Re2 36. a4 Rxd2 37. Rxd2 Ke6 38. Re2+ Kd6 39. Rd2+ Kc6 40. Rc2+ Kb6 41. Rd2 Rc7 42. Rd6+ Kc5 43. Rd2 b6 44. Rc2+ Kd6 45. Re2 Rc5 46. Rd2+ Rd5 47. Re2 Rd4 48. Re8 Kc6 49. Re7 Rd7 50. Re2 Kd6 51. Kc4 Rc7+ 52. Kb4 Rc5 53. Kb3 Re5 54. Rd2+ Rd5 55. Re2 g5 56. hxg5 Rxg5 57. Rd2+ Kc6 58. Rc2+ Rc5 59. Re2 Rf5 60. Kc4 Rc5+ 61. Kb3 Kd6 62. Re8 Re5 63. Rb8 Kc7 64. Rg8 g5 65. Rg7+ Kc6 66. g4 Re4 0-1

[Event "Cornella de Llobregat op"]
[Site "Cornella de Llobregat"]
[Date "2017.05.08"]
[Round "4"]
[White "Padilla Peinado, Jose"]
[Black "Lazaro Riol, Alberto"]
[Result "0-1"]
[WhiteElo "1888"]
[BlackElo "2209"]
[PlyCount "142"]
[EventDate "2017.04.03"]
[EventType "swiss"]
[EventRounds "7"]
[EventCountry "ESP"]
[SourceTitle "EXT 2018"]
[Source "ChessBase"]
[SourceDate "2017.10.13"]
[SourceVersion "1"]
[SourceVersionDate "2017.10.13"]
[SourceQuality "1"]

1. d4 Nf6 2. Nf3 e6 3. Bf4 c5 4. c3 Nc6 5. e3 d5 6. Nbd2 Bd6 7. Bg3 cxd4 8. cxd4 0-0 9. Rc1 Ne4 10. Bd3 f5 11. a3 Qe7 12. Bxd6 Qxd6 13. Nb3 a6 14. Nc5 Nxc5 15. dxc5 Qe7 16. Be2 Re8 17. Nd4 e5 18. Nxc6 bxc6 19. 0-0 a5 20. Qa4 Qc7 21. b4 Bd7 22. b5 cxb5 23. Bxb5 Bxb5 24. Qxb5 Rab8 25. Qa6 Kf7 26. Qd3 g6 27. Qc3 Rb5 28. Rc2 Reb8 29. Rfc1 Rb3 30. Qd2 Ke6 31. Rc3 a4 32. g3 Qc6 33. h4 Rb1 34. Qd1 R1b2 35. g4 Rd8 36. Rb1 Rxb1 37. Qxb1 fxg4 38. Qd1 h5 39. Qd3 Kf6 40. e4 d4 41. Rc4 Qb5 42. Qd2 Kg7 43. Qg5 Re8 44. Rc1 Qc6 45. Qd2 Qxe4 46. c6 g3 47. fxg3 Qf3 48. c7 Qxg3+ 49. Kh1 Qxh4+ 50. Kg1 Qg3+ 51. Kh1 Qxa3 52. c8Q Rxc8 53. Rxc8 Qh3+ 54. Qh2 Qxc8 55. Qxe5+ Kh7 56. Qe7+ Kh6 57. Qb4 Qh3+ 58. Kg1 Qg3+ 59. Kh1 Qf3+ 60. Kg1 d3 61. Qb8 Qe3+ 62. Kh1 Qe4+ 63. Kg1 Qd4+ 64. Kh1 d2 65. Qf8+ Kh7 66. Qe7+ Qg7 67. Qe2 Qb7+ 68. Kh2 Qc7+ 69. Kg2 Qc6+ 70. Kh2 Qd6+ 71. Kg2 d1Q 0-1

[Event "Cornella Pinol Memorial 4th"]
[Site "Cornella de Llobregat"]
[Date "2016.10.24"]
[Round "5"]
[White "Escandell Mari, Juan Carlos"]
[Black "Lazaro Riol, Alberto"]
[Result "1-0"]
[WhiteElo "2302"]
[BlackElo "2083"]
[PlyCount "69"]
[EventDate "2016.09.26"]
[EventType "swiss"]
[EventRounds "9"]
[EventCountry "ESP"]
[SourceTitle "EXT 2018"]
[Source "ChessBase"]
[SourceDate "2017.10.13"]
[SourceVersion "1"]
[SourceVersionDate "2017.10.13"]
[SourceQuality "1"]

1. e4 e5 2. Nf3 Nc6 3. Bb5 a6 4. Ba4 Nf6 5. d3 b5 6. Bb3 Bc5 7. 0-0 0-0 8. Nc3 h6 9. a4 b4 10. Nd5 Nxd5 11. Bxd5 Qe7 12. g3 Rb8 13. Nh4 Qf6 14. Be3 Bd4 15. Bxd4 Nxd4 16. f4 exf4 17. Rxf4 Qb6 18. Kh1 g5 19. Qh5 gxf4 20. gxf4 Qf6 21. Ng6 Kg7 22. Nxf8 Qxf4 23. e5 Bb7 24. Bxb7 Rxb7 25. Nxd7 Qf3+ 26. Qxf3 Nxf3 27. Rf1 Nd4 28. Rg1+ Kh8 29. Rg4 Nxc2 30. Nf6 Rb8 31. Rc4 Ne1 32. e6 Kg7 33. Nh5+ Kf8 34. e7+ Ke8 35. Rxc7 1-0